00469nam a2200193Ia 4500008004100000041001200041082001000053082001100063100001700074100001100091245004800102260001400150260003500164260000900199300001500208365002500223650001300248650001400261150909s9999 xx 000 0 und d aEnglish a589.3 bFRI/ST aFritsch FE  eAuthor aStructure and reproduction of the algae V.2 aNew Delhi bVikas publishing house Pvt Ltd c1977 a939 Pages aRs.234  aAlgology aPhycology